000 00723nam a22002057a 4500
999 _c4842
_d4842
003 AR-CdUCM
008 190311b ||||| |||| 00| 0 spa d
040 _aMUNICIPALIDAD PROVINCIAL DEL CUSCO
_cBIBLIOTECA MUNICIPAL DEL CUSCO
082 _a808.81 /
_bG23
100 _aGantier Balderrama, Martha
_914909
245 _aPoemas /
260 _aLa Paz :
_bUrquizo,
_c1988.
300 _a138 paginas ;
_c21 cm.
505 _aContenido : Sobre ritos imposibles y distancias -- De pronto -- Hoy no has preguntado -- Frase -- Las pisadas del camino -- Alba ...
650 _aPoesía bolivina
_914910
650 _aLiteratura boliviana
_94271
650 _aLiteratura Latinoamericana
_9799
942 _2ddc
_cLIBROS
945 _arah